[Event "BCF-ch 84th"]
[Site "Hove"]
[Date "1997.08.07"]
[Round "4"]
[White "Ansell, Simon"]
[Black "Mestel, A Jonathan"]
[Result "1-0"]
[WhiteElo "2390"]
[BlackElo "2500"]
[PlyCount "89"]
[EventDate "1997.08.04"]
[EventType "swiss"]
[EventRounds "11"]
[EventCountry "ENG"]
[SourceTitle "EXT 1999"]
[Source "ChessBase"]
[SourceDate "1998.11.16"]
[SourceVersion "1"]
[SourceVersionDate "1998.11.16"]
[SourceQuality "1"]

1. e4 c5 2. Nf3 d6 3. Bb5+ Nd7 4. d4 Ngf6 5. Nc3 a6 6. Bxd7+ Nxd7 7. Bg5 h6 8. Bh4 g6 9. dxc5 Nxc5 10. e5 Bg7 11. exd6 Qxd6 12. Qxd6 exd6 13. 0-0-0 Be6 14. Nd4 d5 15. Rhe1 g5 16. Bg3 0-0-0 17. b4 Nd7 18. Nxd5 Bxd5 19. Nf5 Nb6 20. Ne7+ Kd7 21. Nxd5 Kc6 22. Nxb6 Rxd1+ 23. Rxd1 Kxb6 24. c4 Rc8 25. Rd6+ Ka7 26. c5 a5 27. a3 axb4 28. axb4 f5 29. f3 Bc3 30. Rb6 Rc6 31. Kc2 Bd4 32. Rxc6 bxc6 33. Kd3 Bb2 34. h4 Ka6 35. h5 Kb5 36. Be1 g4 37. Bd2 gxf3 38. gxf3 Bg7 39. Bc3 Bf8 40. f4 Ka6 41. Kc4 Kb7 42. Bf6 Ka6 43. Be5 Ka7 44. b5 Kb7 45. Kb4 1-0